| 000 | 01258cam a2200313 a 4500 | ||
|---|---|---|---|
| 999 |
_c6464 _d6464 |
||
| 005 | 20200210101702.0 | ||
| 008 | 142212r20132009ck a jr 000 j spa d | ||
| 020 | _a9789583031724 | ||
| 040 |
_aCO-BoBLA _bspa _cCO-JMCR _dCO-BoPUJ |
||
| 041 | 1 |
_aspa _heng |
|
| 082 | 0 | 4 |
_aC / _bB51B _221 |
| 240 | 1 | 0 |
_aSnow White and the seven dwarfs _lEspañol |
| 245 | 0 | 0 |
_aBlancanieves y los siete enanitos _ctraducción del inglés Sandra Paola Vizcaya Soto |
| 250 | _a1a ed. | ||
| 260 |
_aBogotá _bPanamericana Editorial _c2009 _g(impresión de 2013). |
||
| 300 |
_a18 páginas : _bilustraciones a color ; _c19 cm. |
||
| 440 | 0 |
_aHistorias clásicas _9314 |
|
| 520 | _aLos cuentos clásicos de ayer, hoy y siempre están aquí con toda su magia y encanto, acompañados de coloridas y divertidas ilustraciones. | ||
| 521 | _aRecomendado para niños de 4 a 6 años. | ||
| 534 | _tSnow White and the seven dwarfs. | ||
| 650 | 1 | 4 | _9315 |
| 650 | 2 | 4 |
_vCuentos infantiles _9316 |
| 650 | 2 | 4 |
_vCuentos infantiles _9317 |
| 650 | 2 | 4 |
_vCuentos infantiles _9318 |
| 650 | 2 | 4 |
_vCuentos infantiles _9319 |
| 650 | 2 | 4 | _9320 |
| 700 | 1 |
_aVizcaya Soto, Sandra Paola, _9321 |
|